Marco normativo del Congreso Mexicano

Detalles Bibliográficos
Formato: eBook
Lenguaje:español
Publicado: Ciudad de Mx̌ico: Cm̀ara de Diputados, 2006
Materias:
Acceso en línea:Acceso restringido

MARC

LEADER 00000nam a22000007a 4500
005 20170714121619.0
007 cr|||| ||||
008 170714s2006 mx |||||s||||f00||0 spa d
035 |a 20413 
040 |a vLex 
090 |c 6822  |d 6822 
245 0 0 |a Marco normativo del Congreso Mexicano  |h [Recurso electrn̤ico] / 
256 |a Servicio en ln̕ea 
260 |a Ciudad de Mx̌ico:  |b Cm̀ara de Diputados,  |c 2006 
300 |a 1 recurso electrn̤ico (36 p.) 
506 1 |a Disponible solo en los productos indicados  |d vLex Global  |d vLex Global (Academic Edition, excluding Law Schools)  |d vLex Global (U.S. Academic Edition, Law Schools)  |d vLex Global (U.S. Academic Edition, excluding Law Schools)  |d vLex Global (Academic Edition, Law Schools) 
650 0 4 |a Derecho Constitucional  |z Mx̌ico 
740 0 |a vLex Libros (Servicio en ln̕ea) 
856 4 0 |u http://vlex.com/source/marco-normativo-congreso-mexicano-20413  |z Acceso restringido 
942 |c BOOK 
999 0 |a Constitutional right